| 000 | 00428pab a2200169 454500 | ||
|---|---|---|---|
| 008 | 180718b2007 xxu||||| |||| 00| 0 eng d | ||
| 100 | _aWerner, Timothy | ||
| 245 | _aPublic election funding, competition, and candidate gender | ||
| 260 | _c2007 | ||
| 300 | _ap.661-67. | ||
| 362 | _aOct | ||
| 650 | _aElections | ||
| 700 | _aMayer, Kenneth R. | ||
| 773 | _aPolitical Science and Politics | ||
| 908 | _aN | ||
| 909 | _a76489 | ||
| 999 |
_c76489 _d76489 |
||